| 000 | 00831nam a22002297a 4500 | ||
|---|---|---|---|
| 005 | 20250529155015.0 | ||
| 008 | 250529b |||||||| |||| 00| 0 eng d | ||
| 020 | _a978-81-19838-16-5 (hbk) | ||
| 037 | _cTB | ||
| 040 |
_aAL _cAL |
||
| 041 |
_2pun _apun |
||
| 084 |
_aO153,3NCH,GL R4 _qAL |
||
| 100 |
_aਚੌਹਾਨ, ਬੂਟਾ ਸਿੰਘ _9811084 |
||
| 245 | _aਗੂੜ-ਲਕ | ||
| 260 |
_aਦਿੱਲੀ, _b ਨਵਯੁਗ ਪਬਲਿਸ਼ਰ, _c2024. |
||
| 300 | _a155 ਪ. | ||
| 365 |
_b350.00 _cINR |
||
| 650 | _aਪੰਜਾਬੀ ਸਾਹਿਤ | ||
| 650 | _aਪੰਜਾਬੀ ਕਹਾਣੀ | ||
| 942 |
_2CC _cTB _hO153,3NCH,GL R4 _n0 |
||
| 999 |
_c1431212 _d1431212 |
||